[Event "Barbera-Mollet"]
[Site "Lliga Catalana"]
[Date "2015.01.31"]
[Round "1.1"]
[White "Rizouk, Aimen"]
[Black "Vocaturo, Daniele"]
[Result "1-0"]
[BlackElo "2585"]
[WhiteElo "2530"]
[LiveChessVersion "1.4.5"]

1. e4 {[%clk 1:30:58]} e5 {[%clk 1:30:26]} 2. Nf3 {[%clk 1:31:23]} Nc6
{[%clk 1:30:26]} 3. Nc3 {[%clk 1:29:13]} Nf6 {[%clk 1:29:39]} 4. Bb5
{[%clk 1:27:31]} Bb4 {[%clk 1:23:16]} 5. O-O {[%clk 1:27:39]} O-O
{[%clk 1:23:02]} 6. d3 {[%clk 1:27:18]} Bxc3 {[%clk 1:19:32]} 7. bxc3
{[%clk 1:27:39]} d6 {[%clk 1:19:53]} 8. Bg5 {[%clk 1:27:00]} Qe7 {[%clk 1:16:19]}
9. Re1 {[%clk 1:25:09]} Nd8 {[%clk 1:13:23]} 10. d4 {[%clk 1:25:08]} Ne6
{[%clk 1:09:46]} 11. Bc1 {[%clk 1:25:22]} c5 {[%clk 1:06:08]} 12. Bf1
{[%clk 1:17:05]} Rd8 {[%clk 1:01:35]} 13. h3 {[%clk 1:14:36]} Nf8
{[%clk 0:57:15]} 14. a4 {[%clk 1:09:43]} Ng6 {[%clk 0:56:24]} 15. g3
{[%clk 0:59:44]} h6 {[%clk 0:56:03]} 16. Bg2 {[%clk 0:59:34]} Bd7
{[%clk 0:53:14]} 17. Nd2 {[%clk 0:56:17]} cxd4 18. cxd4 {[%clk 0:56:35]} Rac8
{[%clk 0:45:18]} 19. d5 {[%clk 0:51:16]} Nh7 {[%clk 0:42:11]} 20. c4
{[%clk 0:49:48]} f5 {[%clk 0:34:22]} 21. exf5 {[%clk 0:49:48]} Bxf5
{[%clk 0:34:25]} 22. a5 {[%clk 0:49:43]} Qf7 {[%clk 0:24:35]} 23. Ba3
{[%clk 0:45:53]} Ng5 {[%clk 0:22:26]} 24. Kh2 {[%clk 0:44:04]} Bd3
{[%clk 0:17:36]} 25. h4 {[%clk 0:36:56]} Nxh4 {[%clk 0:13:22]} 26. gxh4
{[%clk 0:37:03]} Qf4+ {[%clk 0:13:20]} 27. Kg1 {[%clk 0:34:32]} Rf8
{[%clk 0:13:43]} 28. Re2 {[%clk 0:22:12]} Qxh4 {[%clk 0:12:45]} 29. Bxd6
{[%clk 0:22:08]} Rf5 {[%clk 0:09:48]} 30. Ra3 {[%clk 0:17:33]} Nh3+
{[%clk 0:09:11]} 31. Bxh3 {[%clk 0:17:46]} Qxh3 {[%clk 0:09:36]} 32. Rxe5
{[%clk 0:16:15]} Rcf8 {[%clk 0:08:26]} 33. Re3 {[%clk 0:11:54]} Rg5+
{[%clk 0:07:23]} 34. Rg3 {[%clk 0:12:05]} Rxg3+ {[%clk 0:06:04]} 35. fxg3
{[%clk 0:09:12]} Rf6 {[%clk 0:05:54]} 36. Rxd3 {[%clk 0:09:15]} Rxd6
{[%clk 0:06:19]} 37. Ne4 {[%clk 0:08:20]} Rd7 {[%clk 0:06:00]} 38. Nf2
{[%clk 0:05:48]} Qf5 {[%clk 0:06:20]} 39. Qg4 {[%clk 0:05:58]} 1-0

[Event "Barbera-Mollet"]
[Site "Lliga Catalana"]
[Date "2015.01.31"]
[Round "1.2"]
[White "Valdes, Leonardo"]
[Black "Vassallo, Mauricio"]
[Result "1/2-1/2"]
[BlackElo "2424"]
[WhiteElo "2472"]
[LiveChessVersion "1.4.5"]

1. Nf3 {[%clk 1:30:57]} Nf6 {[%clk 1:29:02]} 2. g3 {[%clk 1:31:04]} g6
{[%clk 1:27:57]} 3. Bg2 {[%clk 1:31:29]} Bg7 {[%clk 1:28:20]} 4. c4
{[%clk 1:31:42]} O-O {[%clk 1:27:49]} 5. O-O {[%clk 1:31:28]} c6 {[%clk 1:23:50]}
6. d4 {[%clk 1:31:31]} d6 {[%clk 1:21:50]} 7. Nc3 {[%clk 1:31:54]} Nbd7
{[%clk 1:22:14]} 8. h3 {[%clk 1:31:56]} e5 {[%clk 1:22:09]} 9. e4
{[%clk 1:32:08]} Re8 {[%clk 1:18:29]} 10. Re1 {[%clk 1:32:15]} a5
{[%clk 1:18:49]} 11. b3 {[%clk 1:32:25]} exd4 {[%clk 1:14:39]} 12. Nxd4
{[%clk 1:31:23]} Nc5 {[%clk 1:13:55]} 13. Rb1 {[%clk 1:31:33]} h6
{[%clk 1:09:48]} 14. Bf4 {[%clk 1:26:12]} Nh7 {[%clk 1:06:21]} 15. Kh2
{[%clk 1:12:24]} Ng5 {[%clk 0:58:57]} 16. h4 {[%clk 1:08:28]} Bxd4 17. Qxd4
{[%clk 1:05:51]} Nge6 {[%clk 0:55:09]} 18. Qxd6 {[%clk 1:00:05]} Nd3
{[%clk 0:49:20]} 19. Qxd8 Rxd8 {[%clk 0:49:14]} 20. Red1 {[%clk 0:59:39]} Nxf2
{[%clk 0:49:09]} 21. Rxd8+ Nxd8 {[%clk 0:49:33]} 22. Kg1 {[%clk 1:00:30]} Ng4
{[%clk 0:49:49]} 23. Na4 {[%clk 1:00:46]} Ne6 {[%clk 0:48:23]} 24. Nb6
{[%clk 0:55:36]} Nxf4 {[%clk 0:48:40]} 25. Nxa8 {[%clk 0:55:45]} Ne2+
{[%clk 0:48:24]} 26. Kf1 {[%clk 0:55:56]} Nxg3+ {[%clk 0:47:50]} 27. Ke1
{[%clk 0:56:20]} Kf8 {[%clk 0:45:51]} 28. Nb6 {[%clk 0:38:42]} Be6
{[%clk 0:46:16]} 29. Na4 {[%clk 0:32:48]} Ne5 {[%clk 0:43:04]} 30. Kf2
{[%clk 0:32:20]} Nh5 {[%clk 0:43:30]} 31. Ke3 {[%clk 0:32:18]} Ke7
{[%clk 0:41:14]} 32. Bf3 {[%clk 0:29:35]} Ng7 {[%clk 0:38:54]} 33. Nc5
{[%clk 0:29:28]} Bc8 {[%clk 0:39:17]} 34. Nd3 {[%clk 0:29:35]} Nxf3
{[%clk 0:37:47]} 35. Kxf3 {[%clk 0:29:59]} Ne6 {[%clk 0:38:10]} 36. Ke3
{[%clk 0:28:25]} h5 {[%clk 0:37:58]} 37. Rg1 {[%clk 0:26:19]} Bd7
{[%clk 0:34:25]} 38. Nf4 {[%clk 0:25:33]} Nc7 {[%clk 0:34:23]} 39. Rg5
{[%clk 0:25:42]} b6 {[%clk 0:34:46]} 40. c5 {[%clk 0:21:48]} b5 {[%clk 0:34:04]}
41. a3 {[%clk 0:20:57]} Bg4 {[%clk 0:33:30]} 42. Kd4 {[%clk 0:17:35]} Kd7
{[%clk 0:33:43]} 43. b4 {[%clk 0:17:14]} a4 {[%clk 0:33:48]} 44. Kd3
{[%clk 0:15:31]} Ke7 {[%clk 0:34:03]} 45. Kd4 {[%clk 0:15:30]} Kd7
{[%clk 0:34:29]} 46. Kd3 {[%clk 0:15:44]} Ke7 1/2-1/2

[Event "Barbera-Mollet"]
[Site "Lliga Catalana"]
[Date "2015.01.31"]
[Round "1.3"]
[White "Grafl, Florian"]
[Black "Garriga, Pere"]
[Result "0-1"]
[BlackElo "2416"]
[WhiteElo "2427"]
[LiveChessVersion "1.4.5"]

1. b3 {[%clk 1:18:02]} e5 {[%clk 1:30:16]} 2. Bb2 {[%clk 1:18:28]} Nc6
{[%clk 1:30:41]} 3. e3 {[%clk 1:18:54]} Nf6 {[%clk 1:31:06]} 4. Nf3
{[%clk 1:19:20]} e4 {[%clk 1:29:58]} 5. Nd4 {[%clk 1:19:46]} Nxd4
{[%clk 1:29:57]} 6. Bxd4 {[%clk 1:20:12]} d5 {[%clk 1:30:00]} 7. c4
{[%clk 1:20:05]} dxc4 {[%clk 1:28:33]} 8. Bxc4 {[%clk 1:20:27]} Bd6
{[%clk 1:22:34]} 9. Nc3 {[%clk 0:49:42]} Bf5 {[%clk 1:21:06]} 10. Nb5
{[%clk 0:47:52]} O-O {[%clk 1:19:52]} 11. Nxd6 {[%clk 0:47:31]} Qxd6
{[%clk 1:20:16]} 12. Qc2 {[%clk 0:47:26]} Nd7 {[%clk 1:15:27]} 13. g4
{[%clk 0:34:05]} Be6 {[%clk 1:04:29]} 14. Qxe4 {[%clk 0:33:35]} Rfe8
{[%clk 0:59:42]} 15. Bc3 {[%clk 0:31:39]} Bxc4 {[%clk 0:58:13]} 16. Qxc4
{[%clk 0:32:05]} c5 {[%clk 0:58:36]} 17. O-O {[%clk 0:18:15]} Nb6
{[%clk 0:57:07]} 18. Qe2 {[%clk 0:17:57]} Nd5 {[%clk 0:57:29]} 19. Qf3
{[%clk 0:18:08]} b5 {[%clk 0:57:14]} 20. Rac1 {[%clk 0:17:02]} a5
{[%clk 0:56:48]} 21. e4 {[%clk 0:10:26]} Ne7 {[%clk 0:55:15]} 22. e5
{[%clk 0:10:19]} Qd7 {[%clk 0:55:40]} 23. Ba1 {[%clk 0:10:12]} Rac8
{[%clk 0:54:55]} 24. Rfd1 {[%clk 0:09:45]} Ng6 {[%clk 0:54:35]} 25. Qg3
{[%clk 0:08:13]} Qd5 {[%clk 0:52:33]} 26. f4 {[%clk 0:08:40]} c4 {[%clk 0:52:24]}
27. bxc4 {[%clk 0:08:18]} Rxc4 {[%clk 0:52:32]} 28. Rxc4 {[%clk 0:08:43]} Qxc4
{[%clk 0:52:43]} 29. d4 {[%clk 0:03:51]} Qe2 {[%clk 0:51:17]} 30. Rf1
{[%clk 0:03:54]} Qxa2 {[%clk 0:51:38]} 31. f5 {[%clk 0:02:31]} Ne7
{[%clk 0:49:41]} 32. f6 {[%clk 0:02:30]} Ng6 {[%clk 0:49:51]} 33. fxg7
{[%clk 0:02:07]} Rc8 {[%clk 0:49:34]} 34. Qg2 {[%clk 0:00:35]} Qc4
{[%clk 0:39:36]} 35. h3 {[%clk 0:00:39]} b4 {[%clk 0:39:30]} 36. Bb2
{[%clk 0:00:36]} Qd3 {[%clk 0:37:45]} 37. Rf3 Qe4 {[%clk 0:37:08]} 38. e6
{[%clk 0:00:34]} Qxe6 {[%clk 0:36:59]} 39. Rf2 {[%clk 0:00:34]} a4
{[%clk 0:37:07]} 40. d5 {[%clk 0:01:01]} Qe1+ {[%clk 0:37:32]} 41. Kh2
{[%clk 0:00:48]} a3 {[%clk 0:37:57]} 42. Qf3 {[%clk 0:00:34]} Qe7
{[%clk 0:38:21]} 43. Bf6 {[%clk 0:00:48]} Qd6+ {[%clk 0:38:48]} 44. Kg2
{[%clk 0:01:09]} Rc3 {[%clk 0:38:45]} 45. Re2 {[%clk 0:01:03]} Nh4+
{[%clk 0:38:44]} 46. Bxh4 {[%clk 0:01:14]} Rxf3 {[%clk 0:39:10]} 0-1

[Event "Barbera-Mollet"]
[Site "Lliga Catalana"]
[Date "2015.01.31"]
[Round "1.4"]
[White "Fernandez, Cristian"]
[Black "Alonso, Jonathan"]
[Result "0-1"]
[BlackElo "2471"]
[WhiteElo "2336"]
[LiveChessVersion "1.4.5"]

1. d4 {[%clk 1:30:51]} d5 {[%clk 1:30:47]} 2. c4 {[%clk 1:31:08]} c6
{[%clk 1:31:11]} 3. Nf3 {[%clk 1:30:55]} Nf6 {[%clk 1:31:34]} 4. e3
{[%clk 1:31:21]} Bf5 {[%clk 1:28:20]} 5. Nc3 {[%clk 1:30:43]} e6 {[%clk 1:28:21]}
6. Nh4 {[%clk 1:31:07]} Bg4 {[%clk 1:25:34]} 7. Qb3 {[%clk 1:31:24]} b6
{[%clk 1:22:57]} 8. h3 {[%clk 1:28:52]} Bh5 {[%clk 1:19:08]} 9. g4
{[%clk 1:27:24]} Bg6 {[%clk 1:19:31]} 10. Nxg6 {[%clk 1:26:28]} hxg6
{[%clk 1:19:54]} 11. g5 {[%clk 1:26:12]} Ne4 {[%clk 1:10:37]} 12. Nxe4
{[%clk 1:22:09]} dxe4 {[%clk 1:11:02]} 13. h4 {[%clk 1:21:58]} f5
{[%clk 0:43:00]} 14. c5 {[%clk 1:12:58]} Kf7 {[%clk 0:43:08]} 15. Bc4
{[%clk 1:12:33]} Qc8 {[%clk 0:41:43]} 16. cxb6 {[%clk 1:07:58]} axb6 17. Qxb6
{[%clk 1:07:53]} Be7 {[%clk 0:42:26]} 18. Bd2 {[%clk 0:56:36]} Bxg5
{[%clk 0:41:55]} 19. O-O-O {[%clk 0:55:20]} Rxh4 {[%clk 0:39:11]} 20. Bc3
{[%clk 0:48:21]} Nd7 {[%clk 0:31:05]} 21. Qb3 {[%clk 0:42:42]} Nf8
{[%clk 0:27:31]} 22. Rhg1 {[%clk 0:35:35]} Rb8 {[%clk 0:23:35]} 23. Qc2
{[%clk 0:35:04]} Bf6 {[%clk 0:21:54]} 24. a4 {[%clk 0:34:21]} Nd7
{[%clk 0:20:01]} 25. a5 {[%clk 0:34:40]} Be7 {[%clk 0:20:08]} 26. Qa4
{[%clk 0:32:04]} Nf6 {[%clk 0:19:41]} 27. Kb1 {[%clk 0:30:54]} Nd5
{[%clk 0:16:33]} 28. Bxd5 {[%clk 0:31:13]} exd5 {[%clk 0:10:58]} 29. Rc1
{[%clk 0:30:33]} Qa6 {[%clk 0:11:00]} 30. Rc2 {[%clk 0:30:09]} Rb5
{[%clk 0:11:08]} 31. Rgc1 {[%clk 0:30:22]} Rh8 {[%clk 0:10:40]} 32. Bd2
{[%clk 0:29:05]} Rc8 {[%clk 0:10:08]} 33. Qa2 {[%clk 0:28:34]} Ke6
{[%clk 0:09:35]} 34. Qa4 {[%clk 0:27:43]} g5 {[%clk 0:09:26]} 35. Rc3
{[%clk 0:26:43]} Bb4 {[%clk 0:08:37]} 36. Qxb5 {[%clk 0:24:42]} Qxb5
{[%clk 0:08:53]} 37. Rb3 {[%clk 0:25:11]} Qxa5 {[%clk 0:07:28]} 38. Rxb4
{[%clk 0:25:25]} Qa6 {[%clk 0:07:40]} 39. Bc3 {[%clk 0:24:44]} Ra8
{[%clk 0:07:13]} 40. Kc2 {[%clk 0:25:04]} Qe2+ {[%clk 0:06:13]} 41. Kb3
{[%clk 0:25:32]} Qxf2 0-1

[Event "Barbera-Mollet"]
[Site "Lliga Catalana"]
[Date "2015.01.31"]
[Round "1.5"]
[White "Bergez, Luc"]
[Black "Amores, Javier"]
[Result "1-0"]
[BlackElo "2294"]
[WhiteElo "2403"]
[LiveChessVersion "1.4.5"]

1. e4 d6 2. d4 Nf6 3. f3 Nbd7 4. Be3 e5 5. d5 Be7 6. Qd2 g6 7. Nc3 Nh5 8. O-O-O
f5 9. exf5 gxf5 10. Kb1 f4 11. Bf2 Ndf6 12. g3 c6 13. Nge2 fxg3 14. hxg3 Qa5 15.
g4 Ng7 16. Bh4 Nxd5 17. Bxe7 Kxe7 18. Nxd5+ 1-0

[Event "Barbera-Mollet"]
[Site "Lliga Catalana"]
[Date "2015.01.31"]
[Round "1.6"]
[White "Montilla, Esteban"]
[Black "Gomez, Albert"]
[Result "1-0"]
[BlackElo "2431"]
[WhiteElo "2295"]
[LiveChessVersion "1.4.5"]

1. Nf3 {[%clk 1:30:54]} Nf6 {[%clk 1:30:41]} 2. c4 {[%clk 1:30:22]} c6
{[%clk 1:30:52]} 3. b3 {[%clk 1:28:48]} g6 {[%clk 1:31:05]} 4. Bb2
{[%clk 1:29:11]} Bg7 {[%clk 1:31:32]} 5. e3 {[%clk 1:28:13]} O-O {[%clk 1:31:26]}
6. Be2 {[%clk 1:27:45]} d5 {[%clk 1:31:38]} 7. O-O {[%clk 1:26:48]} Bg4
{[%clk 1:31:35]} 8. d3 {[%clk 1:24:56]} Bxf3 {[%clk 1:30:00]} 9. Bxf3
{[%clk 1:23:29]} Nbd7 {[%clk 1:30:22]} 10. Qc2 {[%clk 1:14:01]} Re8
{[%clk 1:29:12]} 11. Rd1 {[%clk 1:09:50]} e5 {[%clk 1:28:05]} 12. Nd2
{[%clk 1:06:41]} Nf8 {[%clk 1:26:55]} 13. cxd5 {[%clk 1:03:36]} Nxd5
{[%clk 1:25:46]} 14. a3 {[%clk 1:02:46]} Ne6 {[%clk 1:24:53]} 15. Be2
{[%clk 0:58:14]} Rc8 {[%clk 1:21:15]} 16. Nc4 {[%clk 0:55:35]} Ng5
{[%clk 1:15:02]} 17. h4 {[%clk 0:49:51]} b5 {[%clk 1:09:07]} 18. hxg5 Qxg5
{[%clk 1:06:08]} 19. Nd6 {[%clk 0:36:54]} Nxe3 {[%clk 1:06:25]} 20. fxe3
{[%clk 0:36:54]} Qxe3+ {[%clk 1:06:25]} 21. Kf1 {[%clk 0:36:34]} Bf8
{[%clk 0:55:02]} 22. Nxe8 {[%clk 0:36:34]} Bc5 {[%clk 0:52:41]} 23. Nf6+
{[%clk 0:32:20]} Kg7 {[%clk 0:52:39]} 24. d4 {[%clk 0:31:44]} Bxd4
{[%clk 0:50:03]} 25. Bxd4 {[%clk 0:29:42]} exd4 {[%clk 0:50:27]} 26. Qe4
{[%clk 0:26:26]} 1-0

[Event "Barbera-Mollet"]
[Site "Lliga Catalana"]
[Date "2015.01.31"]
[Round "1.7"]
[White "Martinez, Erik"]
[Black "Morros, Ricard"]
[Result "1-0"]
[BlackElo "2289"]
[WhiteElo "2349"]
[LiveChessVersion "1.4.5"]

1. e4 {[%clk 1:30:55]} c5 {[%clk 1:30:47]} 2. Nf3 {[%clk 1:31:15]} d6
{[%clk 1:31:12]} 3. d4 {[%clk 1:31:32]} cxd4 {[%clk 1:31:36]} 4. Nxd4
{[%clk 1:31:58]} Nf6 {[%clk 1:31:57]} 5. Nc3 {[%clk 1:32:21]} g6 {[%clk 1:32:22]}
6. Be3 {[%clk 1:31:15]} Bg7 {[%clk 1:32:41]} 7. f3 {[%clk 1:30:42]} O-O
{[%clk 1:33:01]} 8. Qd2 {[%clk 1:30:22]} Nc6 {[%clk 1:33:24]} 9. g4
{[%clk 1:28:00]} Be6 {[%clk 1:33:43]} 10. Nxe6 {[%clk 1:24:56]} fxe6
{[%clk 1:34:06]} 11. O-O-O {[%clk 1:16:45]} Ne5 {[%clk 1:32:11]} 12. Be2
{[%clk 1:15:45]} Rc8 {[%clk 1:26:50]} 13. h4 {[%clk 1:15:23]} Qa5
{[%clk 1:01:34]} 14. h5 {[%clk 1:09:39]} Nc4 15. Bxc4 {[%clk 1:09:02]} Rxc4
{[%clk 0:36:19]} 16. hxg6 {[%clk 1:06:07]} Rfc8 {[%clk 0:17:12]} 17. gxh7+
{[%clk 1:00:19]} Nxh7 {[%clk 0:17:26]} 18. Rh5 {[%clk 0:48:50]} d5
{[%clk 0:15:34]} 19. e5 {[%clk 0:45:08]} Nf8 {[%clk 0:01:50]} 20. Bh6
{[%clk 0:38:23]} Rxc3 {[%clk 0:01:22]} 21. Kb1 {[%clk 0:27:28]} Bxh6
{[%clk 0:00:34]} 22. Qxh6 {[%clk 0:27:52]} Kf7 {[%clk 0:00:34]} 23. bxc3
{[%clk 0:22:07]} Rc6 {[%clk 0:01:03]} 24. Qf4+ {[%clk 0:21:29]} Ke8
{[%clk 0:00:39]} 25. Rh8 {[%clk 0:20:48]} Rb6+ {[%clk 0:00:33]} 26. Kc1
{[%clk 0:21:11]} Kd7 {[%clk 0:00:34]} 27. Qxf8 {[%clk 0:20:55]} Kc6
{[%clk 0:00:36]} 28. Qe8+ {[%clk 0:20:25]} Kc5 {[%clk 0:01:03]} 29. Qxe7+
{[%clk 0:20:42]} Kb5 {[%clk 0:01:04]} 30. Qb4+ 1-0

[Event "Barbera-Mollet"]
[Site "Lliga Catalana"]
[Date "2015.01.31"]
[Round "1.8"]
[White "Bals, Jordi"]
[Black "Perez, Benjamin"]
[Result "1/2-1/2"]
[BlackElo "2375"]
[WhiteElo "2264"]
[LiveChessVersion "1.4.5"]

1. d4 {[%clk 1:18:02]} d5 {[%clk 1:30:53]} 2. c4 {[%clk 1:18:24]} Nc6
{[%clk 1:31:18]} 3. Nc3 {[%clk 1:12:23]} Nf6 {[%clk 1:31:38]} 4. Nf3
{[%clk 1:11:10]} Bg4 {[%clk 1:31:45]} 5. cxd5 {[%clk 1:09:58]} Nxd5
{[%clk 1:31:37]} 6. e4 {[%clk 1:10:13]} Nxc3 {[%clk 1:17:00]} 7. bxc3
{[%clk 1:10:41]} e5 {[%clk 1:15:07]} 8. d5 {[%clk 1:10:12]} Bxf3 {[%clk 0:58:44]}
9. Qxf3 {[%clk 1:09:38]} Nb8 {[%clk 0:58:55]} 10. Rb1 {[%clk 1:07:55]} Bc5
{[%clk 0:57:11]} 11. Rxb7 {[%clk 0:58:56]} O-O {[%clk 0:57:32]} 12. Bc4
{[%clk 0:44:13]} Qd6 {[%clk 0:48:13]} 13. Rb1 {[%clk 0:38:39]} Nd7
{[%clk 0:45:23]} 14. O-O {[%clk 0:38:48]} Rab8 {[%clk 0:43:51]} 15. Be3
{[%clk 0:36:34]} Rb6 {[%clk 0:42:36]} 16. Rb3 {[%clk 0:25:57]} Rfb8
{[%clk 0:39:48]} 17. Rfb1 {[%clk 0:25:59]} h6 {[%clk 0:36:50]} 18. h3
{[%clk 0:21:38]} Bxe3 {[%clk 0:29:15]} 19. Qxe3 {[%clk 0:21:58]} Qc5
{[%clk 0:28:54]} 20. Qe2 {[%clk 0:13:47]} Rxb3 {[%clk 0:26:00]} 21. axb3
{[%clk 0:11:34]} Nb6 {[%clk 0:26:22]} 22. Ra1 {[%clk 0:11:46]} a5
{[%clk 0:26:41]} 23. Qa2 {[%clk 0:07:43]} a4 {[%clk 0:21:03]} 24. Qa3
{[%clk 0:07:53]} Qxa3 {[%clk 0:18:34]} 25. Rxa3 {[%clk 0:08:20]} Nxc4
{[%clk 0:13:24]} 26. bxc4 {[%clk 0:08:46]} Rb1+ {[%clk 0:13:47]} 27. Kh2
{[%clk 0:09:09]} Rb3 {[%clk 0:14:13]} 28. Rxa4 {[%clk 0:09:19]} Rxc3
{[%clk 0:14:37]} 29. g3 {[%clk 0:06:50]} Kf8 {[%clk 0:15:01]} 30. Kg2
{[%clk 0:06:33]} Ke7 {[%clk 0:14:45]} 31. Kf1 {[%clk 0:05:43]} Rc1+
{[%clk 0:14:30]} 32. Ke2 {[%clk 0:06:06]} Rc2+ {[%clk 0:14:56]} 33. Ke3
{[%clk 0:05:58]} Rc3+ {[%clk 0:15:20]} 34. Kd2 {[%clk 0:05:55]} Rf3
{[%clk 0:15:43]} 35. Ke2 {[%clk 0:05:42]} Rc3 {[%clk 0:16:07]} 36. h4
{[%clk 0:05:24]} h5 {[%clk 0:16:12]} 37. Kd2 {[%clk 0:03:38]} Rf3
{[%clk 0:16:34]} 38. Ra7 {[%clk 0:01:45]} Kd7 {[%clk 0:14:31]} 39. c5
{[%clk 0:01:15]} Rxf2+ {[%clk 0:14:55]} 40. Kd3 {[%clk 0:00:44]} Kc8
{[%clk 0:13:07]} 41. d6 {[%clk 0:00:35]} cxd6 {[%clk 0:13:25]} 42. cxd6
{[%clk 0:01:01]} Rf6 {[%clk 0:13:34]} 43. Ke3 {[%clk 0:01:08]} Kd8
{[%clk 0:13:27]} 44. Re7 {[%clk 0:01:09]} g6 {[%clk 0:11:17]} 45. Ke2
{[%clk 0:00:56]} Rxd6 {[%clk 0:10:57]} 46. Rxf7 {[%clk 0:01:18]} Ke8
{[%clk 0:11:22]} 47. Rc7 {[%clk 0:01:05]} Kf8 {[%clk 0:11:13]} 48. Rc5
{[%clk 0:00:39]} Re6 {[%clk 0:11:35]} 49. Kd3 {[%clk 0:00:40]} Rf6
{[%clk 0:11:01]} 50. Ke3 {[%clk 0:00:40]} Re6 {[%clk 0:11:25]} 51. Kd3
{[%clk 0:00:53]} Rf6 {[%clk 0:10:23]} 52. Ke3 {[%clk 0:00:53]} 1/2-1/2

[Event "Barbera-Mollet"]
[Site "Lliga Catalana"]
[Date "2015.01.31"]
[Round "1.9"]
[White "Obon, Sergi"]
[Black "Garcia, Guillem"]
[Result "1/2-1/2"]
[BlackElo "2215"]
[WhiteElo "2373"]
[LiveChessVersion "1.4.5"]

1. d4 Nf6 2. Nf3 b6 3. e3 Bb7 4. Bd3 g6 5. O-O Bg7 6. b3 O-O 7. Bb2 e6 8. c4 d5
9. Nbd2 Nbd7 10. Qc2 c5 11. Rad1 Rc8 12. Qb1 Qc7 13. cxd5 Nxd5 14. Rc1 Qb8 15.
Bb5 N5f6 16. Qa1 a6 17. Be2 Nd5 18. Nc4 b5 19. Ncd2 cxd4 20. Bxd4 Bxd4 21. Qxd4
Rxc1 22. Rxc1 Rc8 23. Qb2 Rxc1+ 24. Qxc1 Qc7 25. Qxc7 Nxc7 26. b4 Kf8 27. Kf1 Ke7
28. Bd3 h6 29. Nd4 e5 30. N4b3 Ne6 31. f3 Kd6 32. Ke2 Nf6 33. a3 Bd5 34. Kd1 Bb7
35. Na5 Bd5 36. Bc2 Nd8 37. Ke2 Nb7 38. Nab3 Kd7 39. e4 Be6 40. Kd3 Kc6 41. Nb1
Nd7 42. Nc3 Nb6 43. Nd2 Nd6 44. Bb3 Bxb3 45. Nxb3 Ndc4 46. Nb1 Nd7 47. N3d2 Ndb6
48. Nb3 Nd7 49. N3d2 Ndb6 1/2-1/2

[Event "Barbera-Mollet"]
[Site "Lliga Catalana"]
[Date "2015.01.31"]
[Round "1.10"]
[White "Fernandez, Francesc"]
[Black "Bosque, Xavier"]
[Result "1/2-1/2"]
[BlackElo "2300"]
[WhiteElo "2187"]
[LiveChessVersion "1.4.5"]

1. e4 {[%clk 1:30:57]} c6 {[%clk 1:27:30]} 2. d3 {[%clk 1:31:22]} d5
{[%clk 1:27:48]} 3. Nd2 {[%clk 1:31:39]} g6 {[%clk 1:27:57]} 4. g3
{[%clk 1:31:31]} Bg7 {[%clk 1:28:12]} 5. Bg2 {[%clk 1:31:36]} dxe4
{[%clk 1:28:05]} 6. dxe4 {[%clk 1:30:46]} Nf6 {[%clk 1:28:07]} 7. Ngf3
{[%clk 1:27:35]} O-O {[%clk 1:27:49]} 8. O-O {[%clk 1:28:01]} Na6
{[%clk 1:27:43]} 9. Re1 {[%clk 1:18:20]} Nc5 {[%clk 1:26:13]} 10. Qe2
{[%clk 1:16:45]} b6 {[%clk 1:16:52]} 11. Rb1 {[%clk 1:11:10]} Ba6
{[%clk 0:48:04]} 12. Qe3 {[%clk 0:58:32]} Ne6 {[%clk 0:40:55]} 13. h3
{[%clk 0:56:40]} c5 {[%clk 0:32:17]} 14. Qa3 {[%clk 0:39:05]} Bb7
{[%clk 0:31:14]} 15. c3 {[%clk 0:37:59]} Qc7 {[%clk 0:26:01]} 16. Qa4
{[%clk 0:35:40]} Bc6 {[%clk 0:24:59]} 17. Qc2 {[%clk 0:35:32]} Rad8
{[%clk 0:24:15]} 18. b3 {[%clk 0:29:28]} Qb8 {[%clk 0:11:15]} 19. Bb2
{[%clk 0:26:49]} Bb7 {[%clk 0:08:28]} 20. Rbd1 {[%clk 0:26:37]} Qa8
{[%clk 0:08:41]} 21. Nh2 {[%clk 0:26:22]} Rd7 {[%clk 0:05:07]} 22. Ng4
{[%clk 0:22:20]} Nxg4 {[%clk 0:04:32]} 23. hxg4 {[%clk 0:22:49]} Rfd8
{[%clk 0:04:52]} 24. f3 {[%clk 0:21:32]} Qb8 {[%clk 0:04:18]} 25. Nf1
{[%clk 0:21:05]} Ba6 {[%clk 0:04:35]} 26. Rxd7 {[%clk 0:17:48]} Rxd7
{[%clk 0:05:02]} 27. f4 {[%clk 0:15:17]} Qd8 {[%clk 0:05:06]} 28. Ne3
{[%clk 0:12:20]} Nc7 {[%clk 0:03:58]} 29. Bf1 {[%clk 0:09:46]} Bxf1
{[%clk 0:03:04]} 30. Kxf1 {[%clk 0:10:10]} Rd2 {[%clk 0:02:42]} 31. Rd1
{[%clk 0:10:16]} Rxd1+ {[%clk 0:02:47]} 32. Qxd1 {[%clk 0:10:44]} Qxd1+
{[%clk 0:02:00]} 33. Nxd1 {[%clk 0:11:10]} Kf8 {[%clk 0:01:58]} 34. c4
{[%clk 0:11:14]} Bxb2 {[%clk 0:01:59]} 35. Nxb2 {[%clk 0:11:28]} Ne6
{[%clk 0:01:42]} 36. Nd3 {[%clk 0:10:43]} Nd4 {[%clk 0:01:50]} 37. Kf2
{[%clk 0:10:25]} Nc6 {[%clk 0:01:47]} 38. g5 {[%clk 0:10:07]} Ke8
{[%clk 0:01:57]} 39. Ke3 {[%clk 0:09:56]} Kd7 {[%clk 0:01:31]} 40. g4
{[%clk 0:08:10]} Kd6 {[%clk 0:01:29]} 41. e5+ {[%clk 0:07:37]} Kd7
{[%clk 0:01:22]} 42. Ke4 {[%clk 0:07:16]} Nd4 {[%clk 0:00:40]} 43. f5
{[%clk 0:04:47]} Nc6 {[%clk 0:00:46]} 44. Kf4 {[%clk 0:03:37]} Nb4
{[%clk 0:00:50]} 45. Nc1 {[%clk 0:03:07]} Nc2 {[%clk 0:00:42]} 46. Ke4
{[%clk 0:03:13]} Nb4 {[%clk 0:01:09]} 47. Kf4 {[%clk 0:03:41]} Nc2
{[%clk 0:01:30]} 1/2-1/2